000 00573nam a2200229Ia 4500
003 OSt
005 20220924142931.0
006 a|||||r|||| 00| 0
007 ta
008 220923b |||||||| |||| 00| 0 ori d
024 _a304021
037 _cTextual
040 _aARTS
_cARTS
_bORI
041 _2ORI
_aORI
082 _aDelta:864.2, 1591l5
100 _aPrakasha S.
_9214388
245 0 _aSiddhanta darpanah
260 _c1975
650 _aMYSTICISM
942 _hDelta:864.2, 1591l5
_cTEXL
_2CC
999 _c452580
_d452580